| Record ID | ia:electrochemistry00myer |
| Source | Internet Archive |
| Download MARC XML | https://archive.org/download/electrochemistry00myer/electrochemistry00myer_marc.xml |
| Download MARC binary | https://www.archive.org/download/electrochemistry00myer/electrochemistry00myer_meta.mrc |
LEADER: 01358nam 2200349Ka 4500
001 001694775
004 UFAJA6880001
005 20100827123742.0
008 920208s1991 xx a b 000|0 eng d
035 $a(OCoLC)25248356
035 9 $aAJA6880$bUF
040 $aFUG$cFUG
049 $aFcg9$l31262047332324
090 $aLD1780 1991$b.M996
100 1 $aMyers, Stephanie Ann,$d1964-
245 10 $aElectrochemistry in microheterogeneous solutions --microemulsions /$cby Stephanie Ann Myers.
260 $c1991.
300 $axi, 138 leaves :$bill. ; 28 cm.
502 $aThesis (Ph. D.)--University of Florida, 1991.
500 $aVita.
504 $aIncludes bibliographical references (leaves 132-137).
590 $aAdviser: A. Brajter-Toth
650 0 $aElectrochemical analysis.
650 0 $aEmulsions.
690 $aChemistry thesis Ph. D.
690 $aDissertations, Academic$zUF$xChemistry.
852 0 $aFU$bUFSCI$cDISS$hLD1780 1991$i.M996$4SCIENCE LIBRARY$5Theses-Dissertations
852 0 $aFU$bUFSPE$cARDIS$hLD1780 1991$i.M996$4SMATHERS, Special Collections$5Theses & Dissertations (Non-Circulating)
952 $akh 2/92
999 1 $aAJA6880001$9TKR
999 1 $aAJA6880002$9TKR
930 -1 $lUFU01$LBIB Catalog$mBOOK$1UFSCI$ASCIENCE LIBRARY$2DISS$BTheses-Dissertations$hLD1780 1991$i.M996$531262082854091$819920208$f01$FRegular Loan